| 000 | 01671 a2200325 4500 | ||
|---|---|---|---|
| 003 | OSt | ||
| 005 | 20180116192324.0 | ||
| 008 | 120207t xxu||||| |||| 00| 0 eng d | ||
| 010 | _a 2007001695 | ||
| 020 | _a9780471793663 (pbk.) | ||
| 020 | _a0471793663 (pbk.) | ||
| 035 | _a(OCoLC)79256752 | ||
| 035 | _a(OCoLC)ocm79256752 | ||
| 040 | _c0 | ||
| 082 | 0 | 0 | _a720.284 |
| 100 | 1 |
_aYee, Rendow. _94319 |
|
| 245 | 1 | 0 |
_aArchitectural drawing : _ba visual compendium of types and methods / _cRendow Yee. |
| 250 | _a3rd ed. | ||
| 260 |
_aHoboken : _bWiley, _cc2007. |
||
| 300 |
_axvi, 672 p. : _bill. ; _c28 cm. |
||
| 505 | 0 | _a1. Tool fundamentals -- 2. Lettering, typography, and line types -- 3. Representational sketching -- 4. Conventional orthogonal terminology -- 5. Orthographic and paraline drawings -- 6. Linear perspective drawing -- 7. Light, shade, and shadow -- 8. Delineating and rendering entourage -- 9. Diagramming and conceptual sketching -- 10. Presentation formats -- Epilogue -- Drawing exercises. | |
| 650 | 0 |
_aArchitectural drawing _xTechnique. _94320 |
|
| 856 | 4 | 1 |
_3Table of contents only _uhttp://www.loc.gov/catdir/toc/ecip078/2007001695.html |
| 856 | 4 | 1 |
_3Contributor biographical information _uhttp://www.loc.gov/catdir/enhancements/fy0826/2007001695-b.html |
| 856 | 4 | 1 |
_3Publisher description _uhttp://www.loc.gov/catdir/enhancements/fy0826/2007001695-d.html |
| 942 |
_aSADA _cBK _k720.284 YEE 2007 _2ddc |
||
| 999 |
_c352140 _d352140 |
||